000 00524nam a2200193Ia 4500
005 20260120132214.0
008 008 260114s9999 xx 000 0 eng d
020 _a9780197700938
037 _aEBOOK
040 _aCRL
_beng
_cCRL
041 _aeng
_2eng
084 _qCRL
100 _aRose
_9936215
245 0 _aEvolutionary Biology of Aging
260 _bOxford University PressOxford University Press
_c2023
856 _uhttps://academic.oup.com/book/51065
942 _cEBOOK
999 _c1528138
_d1528138